| 000 | 00673cam a2200229 i 4500 | ||
|---|---|---|---|
| 001 | 17826967 | ||
| 005 | 20250201101426.0 | ||
| 008 | 130726s2015 mau 001 0 eng | ||
| 020 | _a9780133495539 | ||
| 020 | _a0133495531 | ||
| 050 | 0 | 0 |
_aHV6025 _b.S346 2015 |
| 082 | 0 | 0 |
_a364 _223 |
| 100 | 1 | _aSchmalleger, Frank. | |
| 245 | 1 | 0 |
_aCriminology today : _ban integrative introduction / _cFrank Schmalleger. |
| 250 | _aSeventh edition. | ||
| 260 |
_aBoston _bPearson _cc2015 |
||
| 300 |
_axix, 410 pages, 64 variously numbered pages ; _c28 cm |
||
| 500 | _aIncludes index. | ||
| 650 | 0 | _aCriminology. | |
| 650 | 0 |
_aCriminology _zUnited States. |
|
| 942 |
_2lcc _cBK _e7th _n0 |
||
| 999 |
_c3342 _d3342 |
||